000 01021nam a22002777a 4500
999 _c5809
_d5809
003 OSt
005 20251113093138.0
008 251113b ||||| |||| 00| 0 eng d
020 _a9781499809459
040 _cKH8
082 _a813.6 LEN
100 1 _aLenzi, Christy
_eauthor
245 1 4 _aThe forty thieves
_bMarjana's tale
250 _aFirst Edition
264 1 _a251 Park Avenue South,New York, NY
_bYellow Jacket
_c2019
300 _a270 pages
_c22 cm x 14 cm
_bb illustration
520 _aA loose retelling of Ali Baba and the Forty Thieves, set in tenth-century Baghdad, in which twelve-year-old Marjana tries to keep her brother, Jamal, from joining a gang while helping Ali Baba, their master's cruel brother.
521 1 _aAges 10-14.
650 1 _aSiblings
_vFiction
650 1 _aSlavery
_vFiction
650 1 _aGangs
_vFiction
650 7 _aJUVENILE FICTION
_2Legends, Myths, Fables
650 7 _aJUVENILE FICTION
_2Historical/Asia
650 7 _aJUVENILE FICTION
_2Adventure
942 _2ddc
_cFIC